000 00283nam a22001337a 4500
020 _a978-81-87107-96-5
082 _a823
_bOM/A
100 _aOM PUBLICATIONS
245 _aARABIAN NIGHTS
260 _aNOIDA
_bOM
300 _a79
650 _aENGLISH SHORT STORY
_zNOIDA
942 _cBK
999 _c3038
_d3038